Stabilizácia farebných vrstiev s pigmentom verdigris na papierovom nosiči

Enregistré dans:
Détails bibliographiques
Auteur principal: Rudinská, Dominika (Auteur)
Autres auteurs: Lukačovič Vajová, Izabela (Directeur de thèse)
Format: Manuscrit Livre
Langue:slovaque
Publié: 2024
Sujets:
Accès en ligne:http://is.stuba.sk/zp/portal_zp.pl?podrobnosti=176566
Tags: Ajouter un tag
Pas de tags, Soyez le premier à ajouter un tag!

MARC

LEADER 00000ntm a22000003a 4500
001 stuzp99295
003 SK-STU
005 20240601210606.4
007 ta
008 150427s2015----xo-----f-mn---000-0-slo-d
040 |a STU  |b slo 
041 0 |a slo 
100 1 |a Rudinská, Dominika  |u 049160  |k Z4  |4 aut  |U FCHPT Ústav prírodných a syntetických polymérov  |T FCHPT Oddelenie polygrafie a aplikovanej fotochémie  |X 97524  |U C9160  |Y 127  |7 97524 
242 0 1 |a The stabilization of verdigris-containing historical paper  |y eng 
245 1 0 |a Stabilizácia farebných vrstiev s pigmentom verdigris na papierovom nosiči 
260 |c 2024 
650 4 |a verdigris  |2 slo 
650 4 |a pepier  |2 slo 
650 4 |a urýchlené starnutie  |2 slo 
650 4 |a stabilizácia  |2 slo 
650 4 |a verdigris  |2 eng 
650 4 |a paper  |2 eng 
650 4 |a accelerated ageing  |2 eng 
650 4 |a stabilization  |2 eng 
700 1 |a Lukačovič Vajová, Izabela  |u 049160  |k Z1  |4 ths  |U FCHPT Ústav prírodných a syntetických polymérov  |T FCHPT Oddelenie polygrafie a aplikovanej fotochémie  |X 60610  |U C9160  |Y 127  |7 60610 
856 4 |u http://is.stuba.sk/zp/portal_zp.pl?podrobnosti=176566